Religion Quiz

Random Religion or Verse Quiz

Leviticus and Exodus on profanity/foul language (NIV) Quiz Stats

Quiz not verified by Sporcle

Challenge
Share
Tweet
Embed
Score 0/91 Timer 03:00
0 Plays Today
Hint Answer % Correct
the
90%
the
90%
the
90%
and
90%
the
90%
the
90%
and
90%
the
90%
the
90%
the
90%
the
90%
I
80%
of
70%
of
70%
of
70%
of
70%
God
60%
God
60%
to
60%
God
60%
God
60%
to
60%
God
60%
to
60%
Exodus 20:7 - #3 of the 10 commandmentsYou
50%
your
50%
for
50%
your
50%
if
50%
not
40%
Lord
40%
Hint Answer % Correct
Lord
40%
will
40%
not
40%
not
40%
am
40%
Lord
40%
Leviticus 21:6a - rules for priestsThey
40%
not
40%
not
40%
he
40%
will
40%
Lord
40%
shall
30%
name
30%
who
30%
his
30%
name
30%
Leviticus 19:12Do
30%
my
30%
name
30%
name
30%
be
30%
their
30%
name
30%
their
30%
Leviticus 22:32aDo
30%
my
30%
name
30%
his
30%
be
30%
who
30%
Hint Answer % Correct
name
30%
be
30%
hold
20%
guiltless
20%
by
20%
so
20%
Leviticus 24:15Say
20%
misuse
10%
anyone
10%
misuses
10%
swear
10%
falsely
10%
profane
10%
must
10%
holy
10%
must
10%
profane
10%
profane
10%
holy
10%
Israelites
10%
anyone
10%
curses
10%
held
10%
responsible
10%
Leviticus 24:16aAnyone
10%
blasphemes
10%
must
10%
put
10%
death
10%

You're not logged in!

Compare scores with friends on all Sporcle quizzes.
Sign Up with Email
OR
Log In

You Might Also Like...

Show Comments

Extras

Top Quizzes Today


Score Distribution

Your Account Isn't Verified!

In order to create a playlist on Sporcle, you need to verify the email address you used during registration. Go to your Sporcle Settings to finish the process.

Report this User

Report this user for behavior that violates our Community Guidelines.

Details: